000
00215nam a22000857a 4500
001
1236220
005
20251001145638.0
245
_a
BERBER PİRE TELAL DEVE
_c
GÜLSEVİN KRAL
260
_b
GÜNIŞIĞI KİTAPLIĞI YAYINLARI
999
_c
1236220
_d
1236220